LEADER 00994nam a2200253 i 4500 001 000000162319 003 CaOOAMICUS 005 20080108000000.0 008 080108s1967 it u000 u ita u 013 $a139683 040 $aSeMil$bita 100 1 $aGianoli, Luigi.$0(OLS)http://semarc/name/33890 245 13$aLa pittura e la musica /$cL. Gianoli [e] G. Mascherpa. 260 $aMilano :$bArti Grafiche Ricordi,$ccopyr. 1967. 300 $a29 p., LX p., [60] c. di tav. ;$c32 cm. 500 $aFondo Card. Giovanni Colombo. 650 4$aMusica nella pittura.$0(OLS)http://semarc/subject/17786 700 1 $aMascherpa, Giorgio.$0(OLS)http://semarc/name/8520 850 $aSeMil 852 $aSeMil$W1$xVenegono$y1$m5K IX 18$j113673$B113673$CSeMilBibl$Z2$F130279 $8I 941 1 $a3 961 $aLascito: Colombo Card. Giovanni 996 $6245$aLa pittura e la musica$9(OLS)http://semarc/title/145944 996 $6260$aMilano :$bArti Grafiche Ricordi$9(OLS)http://semarc/publisher/34986 LEADER 01257nam a2200313 i 4500 001 000000135925 003 CaOOAMICUS 005 20260127114007.0 008 050315s1997 it u000 u ita u 013 $a109385 020 $a88-459-1303-1 040 $aSeMil$bita 100 1 $aKolitz, Zvi.$0(OLS)http://semarc/name/55397 245 10$aYossl Rakover si rivolge a Dio /$cZvi Kolitz ; traduzione di Anna Linda Collow e Rosella Carpinella Guarneri. 260 $aMilano :$bAdelphi,$c1997. 300 $a91 p. ;$c18 cm. 490 0 $aPiccola Biblioteca Adelphi ;$v393 500 $aFondo Card. C.M. Martini. 700 1 $aCarpinella Guarneri, Rosella.$0(OLS)http://semarc/name/55399 700 1 $aCollow, Anna Linda.$0(OLS)http://semarc/name/55398 830 0$aPiccola biblioteca Adelphi ;$v393.$0(OLS)http://semarc/title/7074 850 $aSeMil 852 $aSeMil$W1$xVenegono$y1$m1V I 26$j89566$B89566$CSeMilBibl$Z2$F94391 $81 941 1 $a4 961 $aOmaggio: Martini Card. Carlo Maria 996 $6020$a88-459-1303-1$9(OLS)http://semarc/number/123358 996 $6245$aYossl Rakover si rivolge a Dio$9(OLS)http://semarc/title/198676 996 $6260$aMilano :$bAdelphi$9(OLS)http://semarc/publisher/30018